Podniky SR v úpadku: predbežné výsledky z analýzy predikčných modelov

Overenie predikčnej sily modelov Altmanovho Z-skóre a indexu IN 05 na vzorke údajov z roku 2010 a 2011 podnikov, ktorým bola v roku 2012 povolená reštrukturalizácia, t.j. boli v úpadku alebo im úpadok hrozil.

Gespeichert in:
Bibliographische Detailangaben
1. Verfasser: Schwartzová, Zuzana
Weitere Verfasser: Lajoš, Branislav
Format: Buchkapitel
Sprache:Slowakisch
Schlagworte:
Tags: Tag hinzufügen
Keine Tags, Fügen Sie das erste Tag hinzu!

MARC

LEADER 00000naa a2200000 4500
001 0183837
005 20240502073140.5
041 0 |a slo 
044 |a SK 
245 1 0 |a Podniky SR v úpadku: predbežné výsledky z analýzy predikčných modelov  |c Zuzana Schwartzová, Branislav Lajoš 
520 |a Overenie predikčnej sily modelov Altmanovho Z-skóre a indexu IN 05 na vzorke údajov z roku 2010 a 2011 podnikov, ktorým bola v roku 2012 povolená reštrukturalizácia, t.j. boli v úpadku alebo im úpadok hrozil. 
610 2 0 |a úpadok podniku 
610 2 0 |a reštrukturalizácia 
610 2 0 |a analýza ekonomická 
100 1 |a Schwartzová, Zuzana 
700 1 |a Lajoš, Branislav